000 00535nam a2200181 i 4500
001 38553
003 ES-MaACL
005 20250802101659.0
007 t|
008 030225s1971 sp ||||1| spa d
100 1 _aCaldwell, Erskine.
_933643
245 1 0 _aLlamémosle experiencia /
_cErskine Caldwell ; [traducción, Andrés Bosch].
260 _a[Barcelona] :
_bLumen,
_c[1971]
300 _a237 p. ;
_c19 cm.
700 1 _aBosch, Andrés,
_d1926-1984
_9160182
852 _aES-MaACL
_jC-41595
_bR.79851
999 _c38553
_d38553